Sekai shihonshugi no gendankai /

Saved in:
Bibliographic Details
Other Authors: Tsukamoto, Takeshi, 1931-
Format: Book
Language:Japanese
Published: Tōkyō : Kawade Shobō Shinsha, Shōwa 53 [1978]
Series:Zoku Taikei kokka dokusen shihonshugi ; 2.
Subjects:
Tags: Add Tag
No Tags, Be the first to tag this record!
LEADER 01195nam a2200325 i 4500
001 007776532-X
005 20024617115958.0
008 900119s1978 ja a b 000 0 jpn
010 |a 78803891 /J 
015 |a Ja*** 
035 0 |a ocm23334593 
040 |a DLC  |c MiU  |d OCoLC  |d *YNH*  |d CStRLIN 
050 0 0 |a HC59  |b .S379 
245 0 0 |6 880-01  |a Sekai shihonshugi no gendankai /  |c henshū Tsukamoto Takeshi. 
260 |6 880-02  |a Tōkyō :  |b Kawade Shobō Shinsha,  |c Shōwa 53 [1978] 
300 |a 451 p. :  |b ill. ;  |c 22 cm. 
490 1 |6 880-03  |a Zoku Taikei kokka dokusen shihonshugi ;  |v 2 
504 |a Includes bibliographical references. 
650 0 |a Economic policy. 
650 0 |a International economic relations. 
650 0 |a Capitalism. 
700 1 |6 880-04  |a Tsukamoto, Takeshi,  |d 1931- 
880 0 0 |6 245-01  |a 世界資本主義現段階 /  |c 編集塚本健. 
880 |6 260-02  |a 東京 :  |b 河出書房新社,  |c 昭和53 [1978] 
880 1 |6 490-03  |a 続大系国家独占資本主義 ;  |v 2 
880 1 |6 700-04  |a 塚本健,  |d 1931- 
830 0 |6 880-53  |a Zoku Taikei kokka dokusen shihonshugi ;  |v 2. 
880 0 |6 830-53  |a 続大系国家独占資本主義 ;  |v 2. 
988 |a 20021214 
906 |0 DLC